00263nam a22000977a 4500008004100000082001600041110003400057245003200091260003400123300000800157230704b xxu||||| |||| 00| 0 eng d a341.6bIMLU bIndependent medico-legal unit aunder the mask of Democracy bIndependent medico-legal unit a45p